000 00578nam a2200193 i 4500
001 49471
003 ES-MaACL
005 20240424133300.0
007 t|
008 030716s1931 sp ||||1| spa d
100 0 _aCossío, Francisco de.
_941014
245 1 0 _aParis-Chafarinas
_b: 4 expatriados, 4 confinados : 1924-1926 /
_cFrancisco de Cossío.
260 _aMadrid :
_b[s.n.],
_c1931 (
_fComp. Gral. de Artes Gráficas)
300 _a200 p. ;
_c16 cm.
651 7 _2embne
_9235967
_aChafarinas
852 _aES-MaACL
_jB-12655
942 _2udc
999 _c49471
_d49471